| Tag |
First Indicator |
Second Indicator |
Subfields |
| LEADER |
00000cam a2200000 a 4500 |
| 001 |
in00001402616 |
| 005 |
20151020052125.0 |
| 008 |
960408s1997 mdua k 001 0beng |
| 010 |
|
|
|a 96015446
|
| 020 |
|
|
|a 0810831627 (alk. paper)
|
| 035 |
|
|
|a (OCoLC)34553449
|
| 035 |
|
|
|9 AHM2689AM
|
| 040 |
|
|
|a DLC
|c DLC
|d TXA
|d UtOrBLW
|
| 049 |
|
|
|a TXAM
|
| 050 |
0 |
0 |
|a ML419.B6
|b V3 1997
|
| 082 |
0 |
0 |
|a 786.9/165/092
|a B
|2 20
|
| 100 |
1 |
|
|a Vaché, Warren W.,
|d 1914-2005.
|
| 245 |
1 |
0 |
|a Back beats and rim shots :
|b the Johnny Blowers story /
|c Warren W. Vaché.
|
| 264 |
|
1 |
|a Lanham, Md. :
|b Scarecrow Press ;
|a [New Brunswick] :
|b Institute of Jazz Studies, Rutgers--the State University of New Jersey,
|c 1997.
|
| 300 |
|
|
|a xiii, 197 pages :
|b illustrations ;
|c 23 cm.
|
| 336 |
|
|
|a text
|b txt
|2 rdacontent
|
| 337 |
|
|
|a unmediated
|b n
|2 rdamedia
|
| 338 |
|
|
|a volume
|b nc
|2 rdacarrier
|
| 490 |
1 |
|
|a Studies in jazz ;
|v no. 25
|
| 504 |
|
|
|a Discography: pages 155-183.
|
| 500 |
|
|
|a Includes index.
|
| 600 |
1 |
0 |
|a Blowers, John.
|
| 650 |
|
0 |
|a Jazz musicians
|z United States
|v Biography.
|
| 710 |
2 |
|
|a Rutgers University.
|b Institute of Jazz Studies.
|
| 830 |
|
0 |
|a Studies in jazz ;
|v no. 25.
|
| 948 |
|
|
|a c:rd
|
| 999 |
|
|
|a MARS
|
| 999 |
f |
f |
|s 0445a0c7-a6a6-38fb-bd2b-c7ac68ea3662
|i 0b207b88-f241-3f22-8935-41c5b9d750dc
|t 0
|
| 952 |
f |
f |
|p ric
|a Texas A&M University
|b Rellis Campus
|c Joint Library Facility
|d Remote Storage
|t 0
|e ML419.B6 V3 1997
|h Library of Congress classification
|i unmediated -- volume
|m A14822521396
|
| 998 |
f |
f |
|a ML419.B6 V3 1997
|t 0
|l Remote Storage
|